Statistiche per Elenca la formazione - Quiz n°136

Clicka qui per fare il quiz!

Statistiche generali

  • Questo quiz è stato fatto 9 volte
  • Il punteggio medio è 11 su 11

Statistiche sulle risposte

RuoloNazioneStato% Corretto
AttaccantePortogalloCristiano Ronaldo
100%
DifensoreSpagnaDaniel Carvajal
100%
AttaccanteFranciaKarim Benzema
100%
PortiereCosta RicaKeylor Navas
100%
CentrocampistaCroaziaLuka Modrić
100%
DifensoreFranciaRaphaël Varane
100%
DifensoreSpagnaSergio Ramos
100%
CentrocampistaGermaniaToni Kroos
100%
CentrocampistaBrasileCasemiro
89%
DifensoreBrasileMarcelo
89%
TrequartistaSpagnaIsco
78%

Distribuzione punteggi

Percentile per numero di risposta

Percentuale di utenti per punteggio

I tuoi punteggi nel tempo

Non hai fatto questo quiz